00980pam a2200313 a 4500001000700000003000500007005001700012008004100029010001700070020002200087020002200109040002300131050002300154060001500177082001600192100003200208245010500240260004900345300003400394500000800428504003900436650001800475650002700493650002900520650003200549650001800581650002600599700004100625533931NUST20170613113847.0871001s1988 enka b 001 0 eng c a 87027598  a0419127704 (pbk.) a0419127607 (hard) aDNLM/DLCcDLCdDLC00aQR41.2b.S778 1988 aQW 4 S839m00a576 STE2191 aSterritt, Robert M.,d1955-10aMicrobiology for environmental and public health engineers /cRobert M. Sterritt and John N. Lester. aLondon ;aNew York :bE. & F.N. Spon,c1988. avii, 278 p. :bill. ;c24 cm. aH.B aIncludes bibliographies and index. 0aMicrobiology. 0aSanitary microbiology. 0aIndustrial microbiology. 2aEnvironmental Microbiology. 2aMicrobiology. 2aSanitary Engineering.1 aLester, J. N.q(John Norman),d1949-